| 000 | 00744nmm a2200265 a 4500 | ||
|---|---|---|---|
| 003 | AR-BaBNM | ||
| 005 | 20251128211823.0 | ||
| 008 | 146020s2005 ||||||||||||||000 | spa|| | ||
| 020 | _a84-494-2906-4 | ||
| 040 | _cAR-BaBNM | ||
| 245 | 1 | 0 |
_aLas mil y una noches _bcuentos infantiles con actividades para aprender |
| 260 |
_aBarcelona _bOcéano _c2005 |
||
| 300 | 0 |
_a224 p. _e2 CD _bil. col. |
|
| 500 | 0 | _aSolicitar los CDs en Mediateca | |
| 650 | 4 | _aLITERATURA ARABE | |
| 650 | 4 | _aLITERATURA INFANTIL | |
| 650 | 4 | _aLEYENDAS | |
| 650 | 4 | _aLIBROS PARA NINOS | |
| 650 | 4 | _aTRADICION ORAL | |
| 653 | 0 | _aADAPTACIONES LITERARIAS | |
| 655 | _aLITERATURA | ||
| 700 | 1 |
_aPascual, María _eilustrador |
|
| 942 | _cBK | ||
| 998 | _cme-solo cat | ||
| 999 |
_c21259 _d21259 |
||